Aritmética, Curso elemental

Gespeichert in:
Bibliographische Detailangaben
1. Verfasser: Bruño, G. M.
Format: Buch
Sprache:Spanisch
Erschienen: México, D. F. Edit. Enseñanza [s.a]
Katalog:MANES:  Suchergebnis im Bibliothekskatalog
Schulbuchspezifische Eigenschaften:
Tags: Tag hinzufügen
Keine Tags, Fügen Sie den ersten Tag hinzu!
Hinzugefügt zu:04.12.2018
Geändert in:20.05.2026

MARC

LEADER 00000nam a2200000 4500
005 20260520171849.0
008 181205b xxu||||| |||| 00| 0 spa d
040 |a centro_manes   |c universidad_colima 
100 |9 6  |a Bruño, G. M. 
245 |a Aritmética, Curso elemental  
260 |a México, D. F.   |b Edit. Enseñanza   |c  [s.a] 
300 |a 192- [2] p.   |c 16 cm. 
500 |a Aparece: Francisco Ziga, "Bibliografía Pedagógica. Libros de texto para enseñanza primaria:1850-1970 V. Libros de Matemáticas" en Boletín del Instituto de Investigaciones Bibliográficas 1981-1982, Biblioteca Nacional, Hemeroteca Nacional, Universidad Nacional Autónoma de México, Nos. 18 - 19,p. 19.   |a ils. 
546 |a México 
690 0 |a MATE 
691 0 |a PRI 
942 |2 ddc  |c BK 
999 |c 53607  |d 53607 
999 |c manes:53607  |d 53607